Nuclear physics : (Record no. 74731)
[ view plain ]
| 000 -LEADER | |
|---|---|
| fixed length control field | 01181nam a2200361 a 4500 |
| 001 - CONTROL NUMBER | |
| control field | 74731 |
| 003 - CONTROL NUMBER IDENTIFIER | |
| rucl marc code | UkOxU |
| 005 - DATE AND TIME OF LATEST TRANSACTION | |
| control field | 20220922105247.0 |
| 008 - FIXED-LENGTH DATA ELEMENTS--GENERAL INFORMATION | |
| fixed length control field | 880808s1963 enka b 001 0 eng d |
| 020 ## - INTERNATIONAL STANDARD BOOK NUMBER | |
| International Standard Book Number | 0582441048 |
| 035 ## - SYSTEM CONTROL NUMBER | |
| System control number | (BD-RjUL)74949 |
| 040 ## - CATALOGING SOURCE | |
| Original cataloging agency | BD-RjUL |
| Language of cataloging | eng |
| Transcribing agency | BD-RjUL |
| 041 ## - LANGUAGE CODE | |
| Language code of text/sound track or separate title | eng |
| 082 ## - DEWEY DECIMAL CLASSIFICATION NUMBER | |
| Edition number | 23 |
| Classification number | 539.7 |
| Author mark and year | BUN 1963 |
| 090 ## - LOCALLY ASSIGNED LC-TYPE CALL NUMBER (OCLC); LOCAL CALL NUMBER (OCLC) | |
| Classification number (OCLC) (R) ; Classification number, CALL (RLIN) (NR) | QC777 |
| Local cutter number (OCLC) ; Book number/undivided call number, CALL (RLIN) | .B78 |
| 092 ## - LOCALLY ASSIGNED DEWEY CALL NUMBER (OCLC) | |
| Classification number | D0400110690 |
| 100 1# - MAIN ENTRY--PERSONAL NAME | |
| Personal name | Burcham, W. E. |
| 9 (RLIN) | 28145 |
| 245 10 - TITLE STATEMENT | |
| Title | Nuclear physics : |
| Remainder of title | an introduction / |
| Statement of responsibility, etc. | W. E. Burcham |
| 260 ## - PUBLICATION, DISTRIBUTION, ETC. (IMPRINT) | |
| Place of publication, distribution, etc. | London; |
| -- | New York : |
| -- | McGraw-Hill; |
| Name of publisher, distributor, etc. | Longman, |
| Date of publication, distribution, etc. | 1963 |
| 300 ## - PHYSICAL DESCRIPTION | |
| Pagination | xiv, 767 p. : |
| Illustrations | ill. ; |
| Size | 23 cm |
| 504 ## - BIBLIOGRAPHY, ETC. NOTE | |
| Bibliography, etc | Includes bibliographies and index |
| 650 #0 - SUBJECT ADDED ENTRY--TOPICAL TERM | |
| Topical term or geographic name as entry element | Nuclear physics. |
| 9 (RLIN) | 225290 |
| 942 ## - ADDED ENTRY ELEMENTS (KOHA) | |
| Source of classification or shelving scheme | Dewey Decimal Classification |
| Koha item type | Books |
| Lost status | Source of classification or shelving scheme | Damaged status | Not for loan | Collection code | Permanent Location | Current Location | Shelving location | Date acquired | Source of acquisition | Total Checkouts | Full call number | Date last seen | Copy number | Koha item type |
|---|---|---|---|---|---|---|---|---|---|---|---|---|---|---|
| Dewey Decimal Classification | Not For Loan | Non-fiction | Central Library, University of Rajshahi | Central Library, University of Rajshahi | Reading Room | 22/10/1973 | U.S. Govt. | 539.7 BUN 1963 | 26/11/2018 | C-1 | Books | |||
| Dewey Decimal Classification | Non-fiction | Central Library, University of Rajshahi | Central Library, University of Rajshahi | 22/10/1973 | U.S. Govt. | 539.7 BUN 1963 | 26/11/2018 | C-2 | Books | |||||
| Dewey Decimal Classification | Not For Loan | Non-fiction | Central Library, University of Rajshahi | Central Library, University of Rajshahi | Reading Room | 22/10/1973 | U.S. Govt. | 539.7 BUN 1963 | 26/11/2018 | C-3 | Books | |||
| Dewey Decimal Classification | Not For Loan | Non-fiction | Central Library, University of Rajshahi | Central Library, University of Rajshahi | Reading Room | 22/10/1973 | U.S. Govt. | 539.7 BUN 1963 | 26/11/2018 | C-4 | Books | |||
| Dewey Decimal Classification | Not For Loan | Non-fiction | Central Library, University of Rajshahi | Central Library, University of Rajshahi | Reading Room | 22/10/1973 | U.S. Govt. | 539.7 BUN 1963 | 26/11/2018 | C-5 | Books | |||
| Dewey Decimal Classification | Not For Loan | Non-fiction | Central Library, University of Rajshahi | Central Library, University of Rajshahi | Reading Room | 22/10/1973 | U.S. Govt. | 539.7 BUN 1963 | 26/11/2018 | C-6 | Books | |||
| Dewey Decimal Classification | Not For Loan | Non-fiction | Central Library, University of Rajshahi | Central Library, University of Rajshahi | Reading Room | 22/10/1973 | U.S. Govt. | 539.7 BUN 1963 | 26/11/2018 | C-7 | Books | |||
| Dewey Decimal Classification | Not For Loan | Non-fiction | Central Library, University of Rajshahi | Central Library, University of Rajshahi | Reading Room | 22/10/1973 | U.S. Govt. | 539.7 BUN 1963 | 26/11/2018 | C-9 | Books | |||
| Dewey Decimal Classification | Not For Loan | Non-fiction | Central Library, University of Rajshahi | Central Library, University of Rajshahi | Reading Room | 22/10/1973 | U.S. Govt. | 539.7 BUN 1963 | 26/11/2018 | C-8 | Books | |||
| Dewey Decimal Classification | Not For Loan | Non-fiction | Central Library, University of Rajshahi | Central Library, University of Rajshahi | Reading Room | 22/10/1973 | U.S. Govt. | 539.7 BUN 1963 | 26/11/2018 | C-10 | Books |